[Event "11. Lichtenberger Sommer"]
[Site "Berlin"]
[Date "2012.08.25"]
[Round "8.27"]
[White "Höckendorf, Hartmut"]
[Black "Penner, Markus"]
[Result "1/2-1/2"]
[WhiteElo "2185"]
[BlackElo "1998"]
[PlyCount "53"]
[EventDate "2012.??.??"]
[WhiteTeam "BSG Pneumant Fürstenwalde e.V."]
[BlackTeam "SK Zehlendorf e.V."]

1. e4 e5 2. Nc3 Nf6 3. f4 d5 4. fxe5 Nxe4 5. d3 Nxc3 6. bxc3 d4 7. Nf3 Nc6 8.
Be2 dxc3 9. Be3 Be7 10. O-O O-O 11. Qe1 f6 12. d4 Be6 13. Qxc3 fxe5 14. Nxe5
Nxe5 15. Rxf8+ Bxf8 16. dxe5 c6 17. Rd1 Qe8 18. a4 Rd8 19. Rxd8 Qxd8 20. Bc4
Bxc4 21. Qxc4+ Kh8 22. Qf7 Bb4 23. Kf2 b6 24. Ke2 Qe7 25. Qf5 h6 26. g3 Bc5 27.
Qc8+ 1/2-1/2

[Event "11. Lichtenberger Sommer"]
[Site "Berlin"]
[Date "2012.08.25"]
[Round "8.28"]
[White "Dimitrijeski, Kristian"]
[Black "Geißler, Felix"]
[Result "1-0"]
[WhiteElo "2165"]
[BlackElo "1766"]
[PlyCount "81"]
[EventDate "2012.??.??"]
[WhiteTeam "SK König Tegel 1949 e.V."]
[BlackTeam "SC Kreuzberg e.V."]

1. d4 Nf6 2. c4 e6 3. Nc3 Bb4 4. Qc2 O-O 5. a3 Bxc3+ 6. Qxc3 d5 7. Bg5 c6 8.
Bxf6 Qxf6 9. e3 c5 10. Nf3 Nd7 11. cxd5 exd5 12. Be2 b6 13. O-O Bb7 14. Rac1
Rac8 15. dxc5 Rxc5 16. Qxf6 Nxf6 17. b4 Rxc1 18. Rxc1 Rc8 19. Rxc8+ Bxc8 20.
Nd4 Bd7 21. Bb5 Bxb5 22. Nxb5 a5 23. bxa5 bxa5 24. Kf1 Kf8 25. Ke2 Ke7 26. Kd3
Kd7 27. Kd4 Kc6 28. Nc3 Ne4 29. Nxe4 dxe4 30. a4 f5 31. g4 g6 32. g5 Kd6 33.
Kc4 Kc6 34. h3 Kd6 35. Kb5 Kd5 36. Kxa5 Kc5 37. Ka6 Kc6 38. a5 Kc7 39. Kb5 Kb7
40. a6+ Ka7 41. Ka5 1-0

[Event "11. Lichtenberger Sommer"]
[Site "Berlin"]
[Date "2012.08.25"]
[Round "8.29"]
[White "Schmalzried, Volker"]
[Black "Major, Vitalij"]
[Result "0-1"]
[WhiteElo "1858"]
[BlackElo "2147"]
[PlyCount "72"]
[EventDate "2012.??.??"]
[WhiteTeam "Umweltbundesamt"]
[BlackTeam "SC Zitadelle Spandau 1977 e.V."]

1. c4 Nf6 2. d4 e6 3. Nc3 Bb4 4. Bd2 d5 5. cxd5 exd5 6. Nf3 O-O 7. g3 Re8 8.
Bg2 Qe7 9. e3 c6 10. O-O Bd6 11. Qc2 Ne4 12. a3 Bg4 13. Bc1 Nd7 14. Nxe4 dxe4
15. Nd2 Nf6 16. b4 Be2 17. Re1 Bd3 18. Qb3 a5 19. bxa5 Rxa5 20. f3 Rb5 21. Qd1
exf3 22. Nxf3 Be4 23. a4 Rd5 24. a5 Ng4 25. Ne5 Bxg2 26. Qxg4 Bxe5 27. dxe5
Qxe5 28. Rb1 h5 29. Qc4 Be4 30. Rxb7 Qf5 31. Qf1 Rxa5 32. Bb2 Qe6 33. Qf4 Rf5
34. Qh4 Qd5 35. Qh3 Qd2 36. Rf1 Qxe3+ 0-1

[Event "11. Lichtenberger Sommer"]
[Site "Berlin"]
[Date "2012.08.25"]
[Round "8.30"]
[White "Elsing, Jan"]
[Black "Sabrowski, Uwe"]
[Result "1/2-1/2"]
[WhiteElo "2124"]
[BlackElo "2114"]
[PlyCount "89"]
[EventDate "2012.??.??"]
[WhiteTeam "SC Friesen Lichtenberg e.V."]
[BlackTeam "SC Friesen Lichtenberg e.V."]

1. c4 f5 2. g3 Nf6 3. Bg2 g6 4. Nc3 d6 5. d3 Bg7 6. e4 c6 7. Bg5 a5 8. Qd2 Na6
9. Nge2 Rb8 10. O-O O-O 11. d4 e5 12. Rad1 Qe8 13. exf5 gxf5 14. Bh6 Bxh6 15.
Qxh6 Qh5 16. Qxh5 Nxh5 17. dxe5 dxe5 18. f4 e4 19. g4 fxg4 20. Nxe4 Be6 21. b3
Rbe8 22. Rd2 a4 23. N4g3 Nxg3 24. hxg3 axb3 25. axb3 Bf5 26. Nd4 Re3 27. Kf2
Rc3 28. Nxf5 Rxf5 29. Re1 Rxb3 30. Rd7 Nc5 31. Re8+ Rf8 32. Rxf8+ Kxf8 33. Rxh7
Nd3+ 34. Ke2 Nc5 35. Rh4 Rxg3 36. Kf2 Rc3 37. Rxg4 Rxc4 38. Ke3 Ne6 39. Be4 b5
40. Rg6 Kf7 41. f5 Ng7 42. Rxc6 Nxf5+ 43. Kf4 Rxc6 44. Bxc6 Nd6 45. Bxb5
1/2-1/2

[Event "11. Lichtenberger Sommer"]
[Site "Berlin"]
[Date "2012.08.25"]
[Round "8.31"]
[White "Hansen, Rene Rauer"]
[Black "Glantz, Robert"]
[Result "0-1"]
[WhiteElo "2047"]
[BlackElo "2282"]
[PlyCount "88"]
[EventDate "2012.??.??"]
[WhiteTeam "Laeseforeningens Skakklub"]
[BlackTeam "SC Kreuzberg e.V."]

1. d4 Nf6 2. c4 e6 3. g3 d5 4. Nf3 Bb4+ 5. Bd2 Be7 6. Bg2 O-O 7. e3 Nbd7 8. Qe2
c6 9. O-O b6 10. cxd5 exd5 11. Nc3 a5 12. Rfc1 Ba6 13. Qd1 Rc8 14. Be1 Re8 15.
Bf1 Bb7 16. Bh3 Bd6 17. Rc2 Qe7 18. Rac1 Ra8 19. Bg2 Ne4 20. Nxe4 dxe4 21. Nd2
Nf6 22. Nc4 Bc7 23. a4 Nd5 24. Qg4 g6 25. Qe2 Qe6 26. Na3 Qd7 27. Qd1 Rad8 28.
Rc4 Bd6 29. Qb3 Rc8 30. R4c2 Ba6 31. Nc4 Bc7 32. Nd2 Bd3 33. Rxc6 Nb4 34. Bh3
Qxh3 35. Rxc7 Rxc7 36. Rxc7 Qf5 37. Qd1 Nd5 38. Rc6 Qd7 39. Rc1 Qh3 40. Rc6 Kg7
41. Qb3 Rd8 42. Rc3 Nxc3 43. bxc3 Rd6 44. d5 g5 0-1

[Event "11. Lichtenberger Sommer"]
[Site "Berlin"]
[Date "2012.08.25"]
[Round "8.33"]
[White "Baumert, Christian"]
[Black "Gelemerov, Yane"]
[Result "1-0"]
[WhiteElo "2158"]
[BlackElo "2033"]
[PlyCount "113"]
[EventDate "2012.??.??"]
[WhiteTeam "SG Lasker Steglitz-Wilmersdorf"]
[BlackTeam "Krakra Pernik"]

1. d4 Nf6 2. c4 e6 3. Nc3 Bb4 4. e3 Bxc3+ 5. bxc3 d6 6. Bd3 Nbd7 7. Nf3 O-O 8.
O-O e5 9. e4 Re8 10. Re1 b6 11. Bg5 h6 12. Bh4 Nf8 13. Nd2 Ng6 14. Bg3 a5 15.
Nf1 h5 16. f3 h4 17. Bf2 Nh5 18. Ne3 Qg5 19. c5 bxc5 20. Bb5 Rf8 21. dxc5 dxc5
22. Kh1 Ngf4 23. Qc2 Rb8 24. Bc4 Rb6 25. Ng4 Bxg4 26. fxg4 Qxg4 27. Bxc5 Rg6
28. Bxf8 Ng3+ 29. Kg1 Nh3+ 30. gxh3 Ne2+ 31. Kf2 Qxh3 32. Rxe2 Qxh2+ 33. Ke1
Rg1+ 34. Kd2 Qf4+ 35. Re3 Rxa1 36. Bc5 h3 37. Qb2 Rg1 38. Qb8+ Kh7 39. Kc2 h2
40. Rh3+ Kg6 41. Qh8 Qc1+ 42. Kb3 Qd1+ 43. Ka3 h1=Q 44. Bxf7+ Kf6 45. Qf8 Qc1+
46. Ka4 Qxe4+ 47. Bc4+ Kg5 48. Qxg7+ Qg6 49. Qxe5+ Qf5 50. Rh5+ Kxh5 51. Qxf5+
Rg5 52. Qh3+ Kg6 53. Bd3+ Kf6 54. Bd4+ Ke7 55. Qh7+ Kd6 56. Bc5+ Ke6 57. Qh6+
1-0

[Event "11. Lichtenberger Sommer"]
[Site "Berlin"]
[Date "2012.08.25"]
[Round "8.35"]
[White "Jaeger, Andre"]
[Black "Sawlin, Leonid"]
[Result "1-0"]
[WhiteElo "2002"]
[BlackElo "1952"]
[PlyCount "53"]
[EventDate "2012.??.??"]
[WhiteTeam "SC Rochade e.V."]
[BlackTeam "TuS Makkabi Berlin e.V."]

1. d4 e6 2. c4 Nf6 3. Nc3 d5 4. cxd5 exd5 5. Bg5 c6 6. e3 Be7 7. Qc2 h6 8. Bh4
O-O 9. Bd3 Re8 10. Nge2 Nbd7 11. f3 Bd6 12. e4 dxe4 13. fxe4 Be7 14. O-O c5 15.
e5 Ng4 16. Bxe7 Qxe7 17. Nd5 Qg5 18. Qc1 Qd8 19. Qf4 Rf8 20. Qxg4 Nxe5 21. Qe4
Nxd3 22. Ne7+ Kh8 23. Nxc8 Nb4 24. dxc5 Na6 25. Nd6 Nxc5 26. Qd5 Ne6 27. Rxf7
1-0

[Event "11. Lichtenberger Sommer"]
[Site "Berlin"]
[Date "2012.08.25"]
[Round "8.36"]
[White "Schmidek, Emil"]
[Black "Nötzel, Felix"]
[Result "0-1"]
[WhiteElo "1836"]
[BlackElo "2107"]
[PlyCount "58"]
[EventDate "2012.??.??"]
[WhiteTeam "TuS Makkabi Berlin e.V."]
[BlackTeam "Sfrd. Berlin 1903 e.V."]

1. e4 e5 2. Nf3 Nc6 3. Nc3 Nf6 4. Bb5 Nd4 5. Nxd4 exd4 6. e5 dxc3 7. exf6 Qxf6
8. dxc3 Bc5 9. O-O O-O 10. Qh5 b6 11. Bd3 h6 12. Qd5 Qc6 13. Qf5 g6 14. Qh3 h5
15. Bh6 Re8 16. Rad1 d5 17. Qg3 Bg4 18. Rd2 Qf6 19. h3 Bd6 20. f4 Bc5+ 21. Kh1
Re3 22. Bg5 Qxg5 23. Qxe3 Bxe3 24. fxg5 Bxd2 25. hxg4 hxg4 26. Be2 g3 27. Bf3
c6 28. c4 Kg7 29. cxd5 Rh8+ 0-1

[Event "11. Lichtenberger Sommer"]
[Site "Berlin"]
[Date "2012.08.25"]
[Round "8.37"]
[White "Marxen, Peter"]
[Black "König, Frank"]
[Result "1-0"]
[WhiteElo "2140"]
[BlackElo "1949"]
[PlyCount "117"]
[EventDate "2012.??.??"]
[WhiteTeam "Preetzer TSV"]
[BlackTeam "BSG 1827 Eckbauer e.V."]

1. Nf3 Nf6 2. c4 g6 3. Nc3 Bg7 4. g3 d6 5. Bg2 O-O 6. O-O Nc6 7. d3 a6 8. Rb1
Nd7 9. Bd2 Rb8 10. Qc1 e5 11. b4 Ne7 12. Bh6 Bxh6 13. Qxh6 Nf5 14. Qd2 Nf6 15.
a4 Kg7 16. e4 Ne7 17. b5 b6 18. Nd5 Nexd5 19. cxd5 Nd7 20. d4 f6 21. Rfc1 a5
22. Qc2 Rb7 23. Re1 h6 24. Bh3 Nb8 25. Bg2 Bg4 26. Nd2 g5 27. Rbc1 Ra7 28. Nb3
Rf7 29. Rf1 Bh5 30. f4 Qe7 31. Qc3 Kh7 32. fxe5 fxe5 33. Rxf7+ Bxf7 34. dxe5
dxe5 35. Bh3 Bg6 36. Qf3 Nd7 37. Bf5 Nf8 38. Bxg6+ Nxg6 39. Rf1 Kg7 40. Nd2 Ra8
41. Qd3 Nf8 42. Nc4 Nd7 43. d6 cxd6 44. Nxd6 Qe6 45. Nf5+ Kh7 46. Rd1 Nc5 47.
Qe2 Nb7 48. Qh5 Rd8 49. Rxd8 Nxd8 50. Qd1 Nb7 51. g4 Nc5 52. Ng3 Qd7 53. Qf3
Kg6 54. Qf8 Qf7 55. Qb8 Qe6 56. h3 Nxa4 57. Nf5 Nc5 58. Qf8 Qf7 59. Qxh6# 1-0

[Event "11. Lichtenberger Sommer"]
[Site "Berlin"]
[Date "2012.08.25"]
[Round "8.38"]
[White "Zur, Jan"]
[Black "George, Tom"]
[Result "1/2-1/2"]
[WhiteElo "2001"]
[BlackElo "1883"]
[PlyCount "193"]
[EventDate "2012.??.??"]
[WhiteTeam "SC Zugzwang 95 e.V."]
[BlackTeam "SG Blau-Weiß Stadtilm"]

1. e4 Nf6 2. e5 Nd5 3. d4 d6 4. Nf3 g6 5. Bc4 Nb6 6. Bb3 Bg7 7. e6 Bxe6 8. Bxe6
fxe6 9. Ng5 Qd7 10. Qg4 e5 11. Qe6 Rf8 12. d5 Bf6 13. Nxh7 Qxe6 14. dxe6 Rh8
15. Ng5 Bxg5 16. Bxg5 Nc6 17. Nc3 Nd4 18. O-O-O Nxe6 19. h4 Kf7 20. Be3 Nd7 21.
Rd3 Nf6 22. Ne2 Ng4 23. a4 Nxe3 24. Rxe3 Raf8 25. Rb3 b6 26. Rg3 Nf4 27. Nc3 c6
28. Kd2 d5 29. Rg4 Rh6 30. Re1 Kf6 31. b4 Ke6 32. f3 Rxh4 33. Rxh4 Nxg2 34. Rh3
Nxe1 35. Kxe1 Rf4 36. b5 cxb5 37. axb5 Rb4 38. Rh6 d4 39. Rxg6+ Kf7 40. Rg4 Rb2
41. Ne4 Rxb5 42. Kd2 a5 43. Rg1 Ke6 44. Kd3 Kf5 45. Rg8 Rb1 46. Rf8+ Ke6 47.
Nd2 Ra1 48. Rb8 Ra3+ 49. Ke2 Rc3 50. Rxb6+ Kf5 51. Rb2 Kf4 52. Kd1 a4 53. Ra2
a3 54. Ke2 Re3+ 55. Kf2 Rc3 56. Ke1 Re3+ 57. Kd1 Rc3 58. Nb1 Rxf3 59. Nxa3 e4
60. Nc4 d3 61. cxd3 exd3 62. Ra7 e5 63. Rf7+ Kg3 64. Re7 Rf8 65. Rxe5 Kf4 66.
Re7 Rc8 67. Na3 Rc3 68. Nb5 Rb3 69. Nc7 Rb2 70. Nd5+ Kf5 71. Re3 d2 72. Re8 Rb7
73. Ne3+ Kf4 74. Nc4 Rb5 75. Nxd2 Rd5 76. Kc2 Rc5+ 77. Kd3 Rd5+ 78. Kc3 Rc5+
79. Nc4 Rh5 80. Kd4 Kf3 81. Rf8+ Ke2 82. Rf4 Rh8 83. Rg4 Rd8+ 84. Ke4 Re8+ 85.
Ne5 Kd2 86. Rg3 Kc2 87. Re3 Kd2 88. Rd3+ Ke2 89. Rd5 Kf2 90. Kd3 Ra8 91. Nc4
Rf8 92. Nd2 Ra8 93. Rf5+ Kg3 94. Ke3 Ra3+ 95. Ke2 Ra8 96. Ke3 Ra3+ 97. Ke2
1/2-1/2

[Event "11. Lichtenberger Sommer"]
[Site "Berlin"]
[Date "2012.08.25"]
[Round "8.39"]
[White "Keusch, Horst"]
[Black "Jeremic, Dusan"]
[Result "1-0"]
[WhiteElo "2003"]
[BlackElo "2210"]
[PlyCount "98"]
[EventDate "2012.??.??"]
[WhiteTeam "SC Friesen Lichtenberg e.V."]
[BlackTeam "BSC Rehberge 1945 e.V."]

1. f4 b6 2. Nf3 Bb7 3. Nc3 Nf6 4. d3 e6 5. e4 d5 6. e5 Ng4 7. d4 Be7 8. Bd3 c5
9. O-O g6 10. Bb5+ Bc6 11. h3 h5 12. hxg4 hxg4 13. Ng5 cxd4 14. Bxc6+ Nxc6 15.
Nb5 Bc5 16. Nd6+ Qxd6 17. exd6 d3+ 18. Rf2 g3 19. Nh3 Kd7 20. Qxd3 gxf2+ 21.
Kf1 Nb4 22. Qb3 a5 23. a3 a4 24. Qc3 Nc6 25. Bd2 Rh5 26. Nxf2 Rah8 27. Nh3 e5
28. fxe5 Rf5+ 29. Ke2 Re8 30. Re1 Bd4 31. Qd3 Rexe5+ 32. Kd1 Bxb2 33. Rxe5 Bxe5
34. Qxd5 Bxd6 35. Qd3 Ne7 36. Ng5 Rd5 37. Qh3+ f5 38. c4 Rd4 39. Qe3 Nc6 40.
Qe6+ Kc7 41. Qxg6 Kb7 42. Nf3 Rxd2+ 43. Kxd2 Bxa3 44. Qxf5 Bd6 45. Qd7+ Bc7 46.
Kc1 a3 47. Nd4 Ne5 48. Qd5+ Kc8 49. Kb1 Nd3 1-0

[Event "11. Lichtenberger Sommer"]
[Site "Berlin"]
[Date "2012.08.25"]
[Round "8.40"]
[White "Welz, Peter"]
[Black "Schwedek, Tony"]
[Result "1-0"]
[WhiteElo "2140"]
[BlackElo "1862"]
[PlyCount "75"]
[EventDate "2012.??.??"]
[WhiteTeam "SV Empor Berlin e.V."]
[BlackTeam "SC Zitadelle Spandau 1977 e.V."]

1. e4 e5 2. Nf3 Nc6 3. d4 exd4 4. Nxd4 Nf6 5. Nxc6 bxc6 6. Bd3 d5 7. exd5 cxd5
8. O-O Be7 9. c4 dxc4 10. Bxc4 O-O 11. Bf4 Bb7 12. Nc3 Qc8 13. Rc1 Qf5 14. Bxc7
Rac8 15. Bd3 Qg5 16. Bg3 Rfd8 17. Qe2 Bc5 18. Rcd1 Re8 19. Qd2 Qg4 20. Qf4 Qe6
21. Qh4 h6 22. Kh1 Rcd8 23. Bb5 Rxd1 24. Rxd1 Qe1+ 25. Bf1 Qxd1 26. Nxd1 Re1
27. Qc4 Bd5 28. Qd3 Be4 29. Qd8+ Kh7 30. h3 Rxf1+ 31. Kh2 Bd5 32. Nc3 Bb6 33.
Qd6 Bc4 34. b3 Ba6 35. a4 Rc1 36. a5 Bxa5 37. Na2 Ne4 38. Qxa6 1-0

[Event "11. Lichtenberger Sommer"]
[Site "Berlin"]
[Date "2012.08.25"]
[Round "8.41"]
[White "Kapr, Klaus"]
[Black "Yuan, Yizheng"]
[Result "1-0"]
[WhiteElo "2095"]
[BlackElo "1895"]
[PlyCount "61"]
[EventDate "2012.??.??"]
[WhiteTeam "SC Friesen Lichtenberg e.V."]
[BlackTeam "Sfrd. Berlin 1903 e.V."]

1. e4 e5 2. Nf3 Nc6 3. Bb5 a6 4. Ba4 Nf6 5. O-O Be7 6. Re1 b5 7. Bb3 O-O 8. c3
d6 9. d4 Bg4 10. Be3 exd4 11. cxd4 Na5 12. Bc2 c5 13. b3 Nd7 14. Nc3 Nc6 15. h3
Bxf3 16. gxf3 cxd4 17. Bxd4 Nxd4 18. Qxd4 Bf6 19. Qd3 Nc5 20. Qd2 b4 21. Nd5
Bxa1 22. Rxa1 a5 23. Rd1 Qh4 24. Kh2 Ne6 25. Rg1 h5 26. f4 Rae8 27. f5 Nc5 28.
f6 g6 29. Qh6 Ne6 30. e5 dxe5 31. Rxg6+ 1-0

[Event "11. Lichtenberger Sommer"]
[Site "Berlin"]
[Date "2012.08.25"]
[Round "8.43"]
[White "Amelang, Thomas"]
[Black "Reiche, Andreas"]
[Result "1/2-1/2"]
[WhiteElo "2140"]
[BlackElo "1935"]
[PlyCount "29"]
[EventDate "2012.??.??"]
[WhiteTeam "SK Siemens München"]
[BlackTeam "SV Berolina Mitte e.V."]

1. e4 c5 2. Nc3 d6 3. Nf3 Nf6 4. d4 cxd4 5. Nxd4 Nc6 6. Be2 g6 7. Be3 Bg7 8.
O-O O-O 9. Kh1 a6 10. f4 Bd7 11. a4 Qc7 12. Nb3 b6 13. Bf3 Rab8 14. Qe2 Nb4 15.
Bd4 1/2-1/2

[Event "11. Lichtenberger Sommer"]
[Site "Berlin"]
[Date "2012.08.25"]
[Round "8.44"]
[White "Olivares, Eduardo"]
[Black "Wirth, Heinz"]
[Result "1-0"]
[WhiteElo "1849"]
[BlackElo "1988"]
[PlyCount "89"]
[EventDate "2012.??.??"]
[WhiteTeam "SC Zitadelle Spandau 1977 e.V."]
[BlackTeam "SC Weisse Dame e.V."]

1. d4 Nf6 2. c4 g6 3. Nc3 d5 4. cxd5 Nxd5 5. e4 Nxc3 6. bxc3 Bg7 7. Nf3 c5 8.
Be3 Nc6 9. Rc1 Qa5 10. Qd2 Bg4 11. d5 Bxf3 12. gxf3 Ne5 13. Be2 Nd7 14. c4
Qxd2+ 15. Kxd2 e5 16. f4 f6 17. Bg4 b6 18. Rhg1 Bh6 19. Bxd7+ Kxd7 20. fxe5
Bxe3+ 21. Kxe3 fxe5 22. Rg5 Rae8 23. Rf1 Re7 24. f4 exf4+ 25. Rxf4 Rhe8 26. h4
Kd6 27. h5 gxh5 28. Rxh5 Rg8 29. Rf6+ Kd7 30. Rfh6 Rg4 31. e5 Rxc4 32. Rxh7 Rd4
33. Rxe7+ Kxe7 34. Rh7+ Ke8 35. d6 a5 36. Rb7 a4 37. Rxb6 Kd7 38. Rb7+ Ke6 39.
Re7+ Kf5 40. d7 Rd1 41. e6 c4 42. Re8 c3 43. d8=Q c2 44. Rf8+ Kg4 45. Rf4+ 1-0

[Event "11. Lichtenberger Sommer"]
[Site "Berlin"]
[Date "2012.08.25"]
[Round "8.45"]
[White "Jachym, Adam"]
[Black "Badestein, Hartmut"]
[Result "1-0"]
[WhiteElo "1881"]
[BlackElo "2099"]
[PlyCount "79"]
[EventDate "2012.??.??"]
[WhiteTeam "Spolem Opole"]
[BlackTeam "SC Friesen Lichtenberg e.V."]

1. e4 c6 2. d4 d5 3. Nc3 dxe4 4. Nxe4 Nf6 5. Nxf6+ exf6 6. Bc4 Bd6 7. h3 O-O 8.
Ne2 Re8 9. O-O Qc7 10. Qd3 Nd7 11. Bb3 Nf8 12. c4 Ng6 13. Bc2 f5 14. f4 b5 15.
cxb5 cxb5 16. Bb3 Bb7 17. Ng3 Nxf4 18. Qxf5 Ne2+ 19. Nxe2 Rxe2 20. Qxf7+ Qxf7
21. Rxf7 Rxg2+ 22. Kf1 Rf8 23. Rf3+ Kh8 24. Rxf8+ Bxf8 25. Bf4 Rg6 26. Ke2 Bd6
27. Rf1 Bxf4 28. Rxf4 Rf6 29. Ke3 h6 30. d5 Kg8 31. Rxf6 gxf6 32. d6+ Kf8 33.
Be6 Bg2 34. Kf4 a5 35. h4 Ke8 36. Kg4 Bf1 37. Kh5 Bc4 38. Bxc4 bxc4 39. Kxh6 a4
40. a3 1-0

[Event "11. Lichtenberger Sommer"]
[Site "Berlin"]
[Date "2012.08.25"]
[Round "8.48"]
[White "Meyer, Ulrich"]
[Black "Sappok, Marius"]
[Result "1-0"]
[WhiteElo "2069"]
[BlackElo "1977"]
[PlyCount "119"]
[EventDate "2012.??.??"]
[WhiteTeam "Schachclub Sendenhorst e.V."]
[BlackTeam "SC Pirmasens 1912"]

1. c4 e5 2. Nf3 Nc6 3. d4 exd4 4. Nxd4 Nf6 5. Bg5 Bb4+ 6. Nc3 h6 7. Bh4 O-O 8.
e3 Ne5 9. Be2 Ng6 10. Bg3 Ne4 11. Qc2 Nxg3 12. hxg3 d6 13. O-O-O Bxc3 14. Qxc3
Ne5 15. f4 Ng4 16. Bxg4 Bxg4 17. Rde1 Qf6 18. Qd3 c6 19. e4 Rfe8 20. Nc2 d5 21.
Ne3 dxe4 22. Nxg4 exd3 23. Nxf6+ gxf6 24. Kd2 Rxe1 25. Rxe1 Kf8 26. Kxd3 Rd8+
27. Kc3 c5 28. Rh1 Kg7 29. Rh5 b6 30. Rd5 Re8 31. Kd2 Re4 32. b3 Re6 33. a3 a5
34. g4 a4 35. bxa4 Re4 36. a5 bxa5 37. Rxc5 Rxf4 38. Kd3 Rxg4 39. Rxa5 Rg3+ 40.
Kd4 Kf8 41. a4 Rxg2 42. Rd5 Ra2 43. a5 Ke7 44. Kc3 Ke6 45. Kb4 f5 46. Kb5 Rb2+
47. Kc6 Ra2 48. Rb5 f4 49. Kb7 f3 50. a6 f2 51. Rb1 Rb2+ 52. Rxb2 f1=Q 53. Rb6+
Kd7 54. c5 Qf4 55. Rd6+ Ke8 56. a7 Qb4+ 57. Rb6 Qe4+ 58. c6 Qe7+ 59. c7 Qe4+
60. Kb8 1-0

[Event "11. Lichtenberger Sommer"]
[Site "Berlin"]
[Date "2012.08.25"]
[Round "8.50"]
[White "Costello, Colin"]
[Black "Körner, Helmut"]
[Result "1-0"]
[WhiteElo "1956"]
[BlackElo "1936"]
[PlyCount "55"]
[EventDate "2012.??.??"]
[WhiteTeam "SC Weisse Dame e.V."]
[BlackTeam "Sfr.Nord-Ost Berlin"]

1. c4 Nf6 2. g3 g6 3. Bg2 Bg7 4. Nc3 d6 5. Nf3 O-O 6. O-O c6 7. d3 e5 8. Rb1
Nh5 9. b4 d5 10. Qb3 dxc4 11. dxc4 Re8 12. b5 Bf5 13. e4 Be6 14. Rd1 Qc7 15.
Ng5 Nd7 16. Nxe6 fxe6 17. Be3 Bf8 18. Bh3 Nc5 19. Qc2 Nf6 20. Rd2 h6 21. Rbd1
g5 22. f3 Kf7 23. Na4 b6 24. Nxc5 Bxc5 25. Bxc5 bxc5 26. Rd6 cxb5 27. cxb5 c4
28. Rc6 1-0

[Event "11. Lichtenberger Sommer"]
[Site "Berlin"]
[Date "2012.08.25"]
[Round "8.51"]
[White "Peschke, Uwe"]
[Black "Lang, Martin"]
[Result "1-0"]
[WhiteElo "2054"]
[BlackElo "1909"]
[PlyCount "43"]
[EventDate "2012.??.??"]
[WhiteTeam "SC Empor Potsdam 1952 e.V."]
[BlackTeam "SC Zugzwang 95 e.V."]

1. Nf3 Nf6 2. g3 d5 3. Bg2 c5 4. O-O Nc6 5. d4 b6 6. c4 e6 7. cxd5 exd5 8. Bg5
Be7 9. Nc3 Be6 10. Ne5 Nxe5 11. dxe5 Ne4 12. Nxe4 dxe4 13. Qa4+ Qd7 14. Qxe4
Rd8 15. Bxe7 Kxe7 16. Qh4+ Kf8 17. Bc6 Qe7 18. Qh5 Rd2 19. Rad1 Qd8 20. e3 Ke7
21. Rxd2 Qxd2 22. Rd1 1-0

[Event "11. Lichtenberger Sommer"]
[Site "Berlin"]
[Date "2012.08.25"]
[Round "8.52"]
[White "Müller, Thomas"]
[Black "Breitwieser, Jasmin"]
[Result "0-1"]
[WhiteElo "1767"]
[BlackElo "1938"]
[PlyCount "61"]
[EventDate "2012.??.??"]
[WhiteTeam "SV Schewe Torm/Derendorf 1928/30"]
[BlackTeam "Sfr. Frankfurt 1921"]

1. d4 d5 2. c4 e6 3. Nc3 c5 4. cxd5 exd5 5. e4 dxe4 6. Bc4 Nf6 7. Be3 Be7 8.
dxc5 O-O 9. Qc2 Qa5 10. Nge2 Bxc5 11. O-O Bxe3 12. fxe3 Qc5 13. Rxf6 gxf6 14.
Nxe4 Qxe3+ 15. Kh1 f5 16. Nf6+ Kg7 17. Nh5+ Kh8 18. Bxf7 Nc6 19. Bd5 Be6 20.
Bxc6 bxc6 21. Rf1 Bd5 22. Nef4 Be4 23. Qc4 Bd5 24. Qb4 Rae8 25. Nxd5 cxd5 26.
Qb7 Re7 27. Qxd5 Qe4 28. Qb5 Qe2 29. Qxe2 Rxe2 30. Rb1 Rb8 31. b3 0-1

[Event "11. Lichtenberger Sommer"]
[Site "Berlin"]
[Date "2012.08.25"]
[Round "8.53"]
[White "Eichler, Jan-Christoph"]
[Black "Schubert, Joachim"]
[Result "1-0"]
[WhiteElo "2095"]
[BlackElo "1771"]
[PlyCount "101"]
[EventDate "2012.??.??"]
[WhiteTeam "Schachclub Oranienburg e.V."]
[BlackTeam "SC Friesen Lichtenberg e.V."]

1. d4 d5 2. g3 Nf6 3. Bg2 e6 4. Nf3 Bd6 5. O-O O-O 6. c4 dxc4 7. Nc3 c6 8. a4
a5 9. Qc2 Na6 10. e4 Nb4 11. Qe2 Be7 12. Qxc4 b6 13. Bf4 Ba6 14. Qb3 Bxf1 15.
Rxf1 Rc8 16. Rd1 h6 17. h4 Qd7 18. Bh3 Qa7 19. Kh2 Rfd8 20. Ne5 c5 21. Bxe6
fxe6 22. Qxe6+ Kh7 23. Qf5+ Kg8 24. Qe6+ Kh7 25. Qf5+ Kg8 26. Nb5 Qb7 27. d5
Bf8 28. g4 Qe7 29. d6 Qb7 30. f3 Nc6 31. d7 Nxe5 32. dxc8=Q Nxf3+ 33. Kg3 Rxc8
34. Kxf3 Qf7 35. e5 Qb7+ 36. Ke3 Re8 37. Nc3 Qg2 38. Kd3 Nxg4 39. Kc4 Qf3 40.
Rd3 Qg2 41. Rd7 Be7 42. Qe6+ Kf8 43. Qf5+ Kg8 44. Qe6+ Kf8 45. Nd5 Qe2+ 46. Kc3
Qe1+ 47. Kc4 Qe2+ 48. Kb3 c4+ 49. Ka2 Qd1 50. Nxe7 Qb3+ 51. Kb1 1-0

[Event "11. Lichtenberger Sommer"]
[Site "Berlin"]
[Date "2012.08.25"]
[Round "8.57"]
[White "Hohn, August"]
[Black "Müller, Johannes"]
[Result "1-0"]
[WhiteElo "2004"]
[BlackElo "1896"]
[PlyCount "76"]
[EventDate "2012.??.??"]
[WhiteTeam "SC Zugzwang 95 e.V."]
[BlackTeam "SC Eintracht Berlin e.V."]

1. c4 e6 2. Nc3 c5 3. Nf3 d5 4. cxd5 exd5 5. d4 Nc6 6. Bg5 f6 7. Be3 c4 8. g3
Nge7 9. Bg2 Be6 10. O-O Qd7 11. b3 Nf5 12. bxc4 Bb4 13. Nxd5 Bxd5 14. cxd5 Qxd5
15. Ne5 Qd6 16. Nxc6 bxc6 17. Bf4 Qxd4 18. Bxc6+ Ke7 19. Bxa8 Rxa8 20. Qb3 g5
21. Rad1 Qc3 22. Qd5 Re8 23. Qxf5 gxf4 24. Qxh7+ Kf8 25. Rd7 Be7 26. Qh6+ Kf7
27. Qxf4 Qe5 28. Qd2 Qf5 29. Rc1 Kf8 30. Rcc7 Qh3 31. Rxe7 Rb8 32. Rf7+ Kg8 33.
Rg7+ Kh8 34. Rh7+ Qxh7 35. Rxh7+ Kxh7 36. Qd7+ Kg6 37. Qxa7 Rb1+ 38. Kg2 f5 1-0

[Event "11. Lichtenberger Sommer"]
[Site "Berlin"]
[Date "2012.08.25"]
[Round "8.58"]
[White "Scheide, Helmut"]
[Black "Lämmel, Claus-Peter"]
[Result "1-0"]
[WhiteElo "1998"]
[BlackElo "1580"]
[PlyCount "69"]
[EventDate "2012.??.??"]
[WhiteTeam "USV Potsdam e.V., Abt. Schach"]
[BlackTeam "SV Cranzahl 1962"]

1. d4 Nf6 2. c4 g6 3. Nc3 Bg7 4. e4 d6 5. f3 b6 6. Be3 Bb7 7. Nge2 O-O 8. Qd2
Re8 9. O-O-O Nbd7 10. g4 c5 11. Ng3 cxd4 12. Bxd4 Nc5 13. h4 Ne6 14. Be3 Qc7
15. Rg1 a6 16. h5 Reb8 17. hxg6 hxg6 18. Bh6 Bh8 19. Kb1 Bc6 20. Nd5 Qb7 21.
Qh2 b5 22. Nf5 Bxd5 23. cxd5 Ng7 24. Nd4 e5 25. Nc6 Rc8 26. Rh1 Nge8 27. Bd3
Rc7 28. Rhg1 Rac8 29. f4 exf4 30. Qxf4 Qb6 31. Rg2 a5 32. Bf8 Bg7 33. Bxg7 Nxg7
34. Qxf6 Qe3 35. Bc2 1-0

[Event "11. Lichtenberger Sommer"]
[Site "Berlin"]
[Date "2012.08.25"]
[Round "8.59"]
[White "Muskewitz, Bernd"]
[Black "Duric, Rajko"]
[Result "1/2-1/2"]
[WhiteElo "1992"]
[BlackElo "1771"]
[PlyCount "67"]
[EventDate "2012.??.??"]
[WhiteTeam "TSG Oberschöneweide e.V."]
[BlackTeam "SC Kreuzberg e.V."]

1. d4 Nf6 2. c4 d6 3. Nc3 c6 4. e4 Nbd7 5. Nf3 Qc7 6. Bd3 e5 7. O-O exd4 8.
Nxd4 Ne5 9. h3 Be7 10. Be3 O-O 11. Be2 Bd7 12. Rc1 Be6 13. b3 a6 14. f4 Rad8
15. Nxe6 fxe6 16. fxe5 dxe5 17. Qc2 Rf7 18. Na4 Qb8 19. Bb6 Rd7 20. Nc5 Rd6 21.
Rcd1 Qf8 22. Rxd6 Bxd6 23. Nxe6 Qe7 24. Ng5 Bc5+ 25. Bxc5 Qxc5+ 26. Kh2 Re7 27.
Rd1 Qe3 28. Rd8+ Ne8 29. Qd2 Qf4+ 30. Qxf4 exf4 31. Bg4 h6 32. Be6+ Kh8 33. Bf7
hxg5 34. Rxe8+ 1/2-1/2